Πολιτιστική επικοινωνία : οργανισμοί, θεωρίες, μέσα
Αποθηκεύτηκε σε:
| Κύριος συγγραφέας: | |
|---|---|
| Μορφή: | Βιβλίο |
| Γλώσσα: | Greek |
| Δημοσίευση: |
Αθήνα :
Κριτική,
c2011.
|
| Σειρά: | Επιστημονική βιβλιοθήκη (Κριτική)
|
| Θέματα: | |
| Ετικέτες: |
Προσθήκη ετικέτας
Δεν υπάρχουν, Καταχωρήστε ετικέτα πρώτοι!
|
MARC
| LEADER | 00000cam a2200000 i 4500 | ||
|---|---|---|---|
| 001 | 1/24675 | ||
| 008 | 130117s2011 gr | ||| |||| ||gre|| | ||
| 020 | |a 9789602187463 |q (χαρτόδετο) | ||
| 035 | |l 10113498 | ||
| 040 | |a GR-MyUa |b gre |e AACR2 | ||
| 041 | 0 | |a gre | |
| 082 | 7 | |a 302.2 |2 (22) | |
| 100 | 1 | |a Μπαντιμαρούδης, Φιλήμων. | |
| 245 | 1 | 0 | |a Πολιτιστική επικοινωνία : |b οργανισμοί, θεωρίες, μέσα / |c Φιλήμων Μπαντιμαρούδης. |
| 260 | |a Αθήνα : |b Κριτική, |c c2011. | ||
| 300 | |a 186 σ. ; |c 25 εκ. | ||
| 490 | 1 | |a (Επιστημονική Βιβλιοθήκη / Κριτική) | |
| 504 | |a Βιβλιογραφία: σ. [177]-184. Ευρετήριο. | ||
| 650 | 0 | |a Public relations |x Case studies. | |
| 650 | 0 | |a Corporations |x Public relations. | |
| 650 | 0 | |a Mass media |x Communication. | |
| 650 | 0 | |a Communication in marketing. | |
| 650 | 0 | |a Communication in organizations. | |
| 650 | 0 | |a Communication and culture. | |
| 830 | 0 | |a Επιστημονική βιβλιοθήκη (Κριτική) | |
| 852 | |a INST |b LEMNOS |e 20190624 |h 302.2 ΜΠΑ |p 005600002185 |q 005600002185 |t BK |y 0 | ||
| 852 | |a INST |b LEMNOS |e 20190624 |h 302.2 ΜΠΑ |p 005600002196 |q 005600002196 |t BK |y 0 | ||
| 852 | |a INST |b LESVOS |e 20151204 |h 302.2 ΜΠΑ |p 005100057862 |q 005100057862 |t BK |y 0 | ||
| 852 | |a INST |b LESVOS |c EUDOXUS |e 20130117 |h 302.2 ΜΠΑ |p 005100052069 |q 005100052069 |t EDX |y 0 | ||
| 852 | |a INST |b LESVOS |c EUDOXUS |e 20140519 |h 302.2 ΜΠΑ |p 005100054211 |q 005100054211 |t EDX |y 0 | ||
| 852 | |a INST |b LESVOS |c EUDOXUS |e 20150123 |h 302.2 ΜΠΑ |p 005100056187 |q 005100056187 |t EDX |y 0 | ||
| 852 | |a INST |b LESVOS |c EUDOXUS |e 20190318 |h 302.2 ΜΠΑ |p 005100062028 |q 005100062028 |t EDX |y 0 | ||
| 852 | |a INST |b RHODES |e 20171026 |h 302.2 ΜΠΑ |p 005400039654 |q 005400039654 |t BK |y 0 | ||
| 852 | |a INST |b SAMOS |e 20180308 |h 302.2 ΜΠΑ |p 005300045311 |q 005300045311 |t BK |y 0 | ||
| 852 | |a INST |b SYROS |c EUDOXUS |e 20160107 |h 302.2 ΜΠΑ |p 005500011884 |q 005500011884 |t EDX |y 0 | ||
| 901 | |a BIBL1-2013-1 | ||
| 901 | |a BIBL1-2014-2 | ||
| 901 | |a BIBL1-2015-1 | ||
| 920 | |a Εύδοξος |b Επιστροφή |y Λέσβος |z 2012-07 | ||
| 920 | |a Εύδοξος |b Παραγγελία |y Λέσβος-ΤΠΤΕ |z 2014-04 | ||
| 920 | |a Εύδοξος |b Επιστροφή |y Λέσβος |z 2015-01 | ||
| 920 | |a Εύδοξος |b Παραγγελία |y Σύρος-ΤΜΣΠΣ |z 2015-12 | ||
| 920 | |a Εύδοξος |b Επιστροφή |y Λέσβος |z 2019-03 | ||
| 920 | |a Παράρτημα Βιβλιοθήκης Σάμου |y Λήμνος-ΤΕΤΔ |z 2018-09 | ||
| 920 | |a Παράρτημα Βιβλιοθήκης Μυτιλήνης |y Λήμνος-ΤΕΤΔ |z 2018-10 | ||
| 970 | |a Τζαφέρη |b Ευαγγελία |z 16/01/2013 | ||